000 00337 a2200157 4500
001 17532
020 _a9788572081771
040 _cAnchieta - Bela Vista
100 _aOrthof, Sylvia
240 1 0 _aOvos nevados
_lpor
245 1 0 _aOvos nevados
300 _a20
362 0 _a2014
650 4 _aLiteratura infanto-juvenil
942 _cBK
999 _c17532
_d17532